Welcome to the Holygrace Academy Library

Please use search bar below to get started

READER'S DIGEST SELECT EDITIONS:THE DA VINCI CODE DAN BROWN (Record no. 3303)

MARC details
000 -LEADER
fixed length control field 00280nam a22001097a 4500
082 ## - DEWEY DECIMAL CLASSIFICATION NUMBER
Classification number 823
Item number REA/S
245 ## - TITLE STATEMENT
Title READER'S DIGEST SELECT EDITIONS:THE DA VINCI CODE DAN BROWN
260 ## - PUBLICATION, DISTRIBUTION, ETC. (IMPRINT)
Place of publication AUSTRALIA
Name of publisher READER'S DIGEST
300 ## - PHYSICAL DESCRIPTION
Number of Pages 538
650 ## - SUBJECT ADDED ENTRY--TOPICAL TERM
Topical Term NOVEL -ENGLISH
Geographic subdivision AUSTRALIA
942 ## - ADDED ENTRY ELEMENTS (KOHA)
Koha item type Books
Holdings
Withdrawn status Lost status Collection code Home library Current library Shelving location Date acquired Source of acquisition Full call number Accession Number Koha item type
    Fiction Main Library Main Library SHELF 2-J-ENGLISH NOVELS FOR TEACHERS 12/01/2005 PURCHASE 823 REA/S 00219 Books